| 000 | 00573nam a2200181 i 4500 | ||
|---|---|---|---|
| 001 | 27651 | ||
| 003 | ES-MaACL | ||
| 005 | 20230906153656.0 | ||
| 007 | t| | ||
| 008 | 030115s1952 sp ||||1| spa d | ||
| 100 | 1 |
_aAudinot, P. _923854 |
|
| 245 | 1 | 3 |
_aEl insomnio vencido... / _cP. Audinot, Paul C. Jagot... ; traducción del francés de Juan Aguasca... |
| 260 |
_aBarcelona : _bIberia, _c[1952] ( _fAgustín Núñez) |
||
| 300 |
_a176 p. ; _c19 cm. |
||
| 700 | 1 |
_aJagot, Paul-Clément. _9149426 |
|
| 700 | 1 |
_aAguasca, Juan. _918634 |
|
| 852 |
_aES-MaACL _jD-8882 _bR.34049 |
||
| 999 |
_c27651 _d27651 |
||